|
|
|
|
| LEADER |
00000nam a2200000 a 4500 |
| 001 |
vtls001457616 |
| 003 |
SK-MaSNL |
| 005 |
20260413115338.0 |
| 008 |
251113s2003 xo a 0 slo |
| 015 |
|
|
|a SNBA2003/12-05118
|
| 020 |
|
|
|a 8089028284
|
| 035 |
|
|
|a SNK000412923
|
| 040 |
|
|
|a SNK
|b slo
|c SNK
|e AACR2
|
| 041 |
0 |
|
|a slo
|
| 044 |
|
|
|a xo
|c SK
|
| 072 |
|
7 |
|a 821.162.4-3
|x Slovenská próza
|2 konspekt
|
| 072 |
|
7 |
|a 821-93
|2 konspekt
|
| 080 |
|
|
|a 821.162.4-93
|2 1997
|
| 080 |
|
|
|a 821.162.4-3(0.053.2)
|2 1997
|
| 080 |
|
|
|a 821.162.4-34
|2 1981
|
| 080 |
|
|
|a 821-93
|2 1981
|
| 080 |
|
|
|a (041)
|2 1981
|
| 100 |
1 |
|
|a Ďuríčková, Mária,
|d 1919-2004
|4 aut
|9 200338
|
| 245 |
1 |
|
|a O dvanástich mesiačikoch
|c [napísala Mária Ďuríčková ; obrázky namaľovala Oľga Bajusová]
|
| 250 |
|
|
|a 1. vyd.
|
| 260 |
|
|
|a Bratislava
|b Buvik
|c 2003
|
| 300 |
|
|
|a [16] s.
|b fareb. ilustr.
|c 19 cm
|
| 490 |
1 |
|
|a Okienko do rozprávky
|
| 500 |
|
|
|a Obalový názov
|
| 505 |
1 |
|
|a Obsahuje aj rozprávku O slávikovi
|
| 650 |
0 |
7 |
|a autorské rozprávky, slovenské
|2 SNK
|9 70872
|
| 650 |
0 |
7 |
|a literatúra pre deti a mládež
|2 konspekt
|9 21893
|
| 655 |
|
7 |
|a umelecká literatúra
|2 SNK
|9 60405
|
| 655 |
|
7 |
|a slovenské rozprávky
|2 SNK
|9 70528
|
| 655 |
|
7 |
|a publikácie pre deti
|2 SNK
|9 70148
|
| 655 |
|
7 |
|a brožúry
|2 SNK
|9 70146
|
| 700 |
1 |
|
|a Bajusová, Oľga,
|d 1954-2012
|4 ill
|9 247953
|
| 830 |
|
0 |
|a Okienko do rozprávky
|9 507204
|
| 852 |
|
|
|a Slovenská národná knižnica
|
| 919 |
|
|
|a 80-89028-28-4
|
| 954 |
|
|
|a beletria pôvodná (slovenská)
|2 lita
|
| 958 |
|
|
|a LX
|
| 968 |
|
|
|d 821
|
| 999 |
|
|
|c 782884
|d 784814
|
| 952 |
|
|
|t P60, <03>, [BOOK], {603}
|a SNK
|b SNK
|y PREZ
|7 0
|p 17A0392524
|o snkSD 73134
|i snkKSP 9546/2003
|0 0
|1 0
|4 0
|d 2003-07-31
|l 0
|r 2025-11-20 00:00:00
|w 2026-02-24
|
| 952 |
|
|
|t P60, <04>, [BOOK], {604}
|a SNK
|b SNK
|y VYP
|7 0
|p 17A0392525
|o snkSD 73134 D1
|i snkKSP 9547/2003
|0 0
|1 0
|4 0
|d 2003-07-31
|l 0
|r 2005-01-02 00:00:00
|w 2026-02-24
|